[Event "Open Brno 2017"]
[Site "Brno"]
[Date "2017.11.11"]
[Round "1"]
[White "Bednar, Martin"]
[Black "Qashashvili, Alexandre"]
[Result "0-1"]
[WhiteElo "1752"]
[BlackElo "2514"]
[PlyCount "70"]
[EventDate "2017.11.11"]

1. Nf3 Nf6 2. d4 e6 3. Bf4 c5 4. e3 Nc6 5. Be2 Qb6 6. b3 Nd5 7. dxc5 Bxc5 8.
O-O Nxf4 9. exf4 d5 10. Nc3 Be7 11. Qd2 O-O 12. Rad1 Rd8 13. Bd3 Qa5 14. Na4
Qxd2 15. Rxd2 Bd7 16. Nb2 Bf6 17. Nd1 Nb4 18. a3 Nxd3 19. cxd3 Be7 20. a4 Rac8
21. Ne5 Be8 22. Ne3 Rc3 23. Rb1 Rdc8 24. Rdd1 a5 25. d4 g6 26. g4 b5 27. axb5
Bxb5 28. Kg2 f6 29. Nf3 Bd3 30. Rb2 Be4 31. Ra2 Bd6 32. Rxa5 Bxf4 33. Re1 f5
34. gxf5 exf5 35. Nxd5 Bxf3+ 0-1

[Event "Open Brno 2017"]
[Site "Brno"]
[Date "2017.11.11"]
[Round "1"]
[White "Molnar, Bela"]
[Black "Aird, Ian"]
[Result "1-0"]
[WhiteElo "2289"]
[BlackElo "1738"]
[PlyCount "59"]
[EventDate "2017.11.11"]

1. d4 e6 2. e4 d5 3. Nc3 Nf6 4. Bg5 dxe4 5. Nxe4 Be7 6. Bxf6 Bxf6 7. Nf3 Nd7 8.
Qd2 b6 9. O-O-O Bb7 10. Bd3 Qe7 11. Rhe1 O-O-O 12. c4 Kb8 13. Kb1 Qf8 14. Qc2
Be7 15. c5 bxc5 16. Rc1 Nf6 17. Nxc5 Bxc5 18. dxc5 c6 19. Qb3 Ka8 20. Qa3 Qe7
21. Rc4 Rxd3 22. Qxd3 Ba6 23. Qc2 Bxc4 24. Qxc4 Nd7 25. Rc1 Re8 26. Qe4 Kb7 27.
Qb4+ Kc7 28. Qa5+ Kb7 29. Rc3 Ka8 30. Qc7 1-0

[Event "Open Brno 2017"]
[Site "Brno"]
[Date "2017.11.11"]
[Round "1"]
[White "Zhukenov, Aituar"]
[Black "Mikes, Jan"]
[Result "0-1"]
[WhiteElo "1738"]
[BlackElo "2272"]
[PlyCount "58"]
[EventDate "2017.11.11"]

1. e4 {[%emt 0:00:00]} c5 2. Nf3 d6 3. d4 cxd4 4. Nxd4 Nf6 5. Nc3 a6 6. Bc4 e6
7. O-O Be7 8. Qf3 Qc7 9. Bb3 O-O 10. Qg3 Nc6 11. Be3 Ne5 12. h3 Nh5 13. Qh2 Nc4
14. Bxc4 Qxc4 15. f4 b5 16. a3 Bb7 17. Rad1 b4 18. axb4 Qxb4 19. Nb3 Rac8 20.
e5 dxe5 21. fxe5 Rxc3 22. bxc3 Qxc3 23. Rd3 Qxc2 24. Rfd1 Be4 25. Na1 Qe2 26.
g4 Bxd3 27. Qxe2 Bxe2 28. Rd7 Bb4 29. gxh5 Bxh5 0-1

[Event "Open Brno 2017"]
[Site "Brno"]
[Date "2017.11.11"]
[Round "1"]
[White "Blazek, Pavel"]
[Black "Munk, Petr"]
[Result "0-1"]
[WhiteElo "1735"]
[BlackElo "2142"]
[PlyCount "84"]
[EventDate "2017.11.11"]

1. e4 {[%emt 0:00:00]} c5 2. Nf3 Nc6 3. d4 cxd4 4. Nxd4 Nf6 5. Nc3 d6 6. Bc4 e6
7. Bb3 a6 8. Be3 Qc7 9. Qf3 Be7 10. O-O O-O 11. Rad1 Na5 12. Qg3 Nxb3 13. axb3
b5 14. Bh6 Ne8 15. Rd2 b4 16. Na2 Kh8 17. Bg5 Bxg5 18. Qxg5 Nf6 19. f3 Qb6 20.
Kh1 Bb7 21. Rfd1 Rac8 22. Nxe6 fxe6 23. Rxd6 Rfd8 24. e5 Rxd6 25. Rxd6 Qf2 26.
h3 h6 27. Qd2 Qxd2 28. Rxd2 Nd5 29. c4 bxc3 30. bxc3 Nxc3 31. Rd7 Bd5 32. Nb4
Bxb3 33. Nxa6 Nd5 34. Rb7 Bc4 35. Nb4 Nxb4 36. Rxb4 Kh7 37. f4 Bd5 38. Rb2 h5
39. h4 Kg6 40. Kh2 Kf5 41. g3 Rc1 42. g4+ Kxg4 0-1

[Event "Open Brno 2017"]
[Site "Brno"]
[Date "2017.11.11"]
[Round "1"]
[White "Kredl, Karel"]
[Black "Nezval, Filip"]
[Result "1-0"]
[WhiteElo "2139"]
[BlackElo "1734"]
[PlyCount "41"]
[EventDate "2017.11.11"]

1. Nf3 {[%emt 0:00:00]} d5 {[%emt 0:00:12]} 2. d4 Nf6 3. c4 e6 4. g3 b6 5. cxd5
Nxd5 6. Bg2 Bb7 7. O-O Be7 8. Re1 O-O 9. e4 Nf6 10. Nc3 c5 11. d5 exd5 12. exd5
Re8 13. Ne5 Bd6 14. Nc4 Rxe1+ 15. Qxe1 Be7 16. d6 Bxg2 17. dxe7 Qd7 18. Kxg2
Qc6+ 19. Kg1 Nbd7 20. Bf4 Qf3 21. Nd6 1-0

[Event "Open Brno 2017"]
[Site "Brno"]
[Date "2017.11.11"]
[Round "1"]
[White "Pokorny, Petr"]
[Black "Paseka, Christian"]
[Result "1-0"]
[WhiteElo "2138"]
[BlackElo "1706"]
[PlyCount "53"]
[EventDate "2017.11.11"]

1. d4 f5 2. g3 g6 3. Bg2 Nf6 4. Nf3 Bg7 5. O-O d6 6. b3 O-O 7. Bb2 Qe8 8. c4
Na6 9. Nbd2 c6 10. Qc2 Nc7 11. Rae1 h6 12. e4 fxe4 13. Nxe4 Bf5 14. Nh4 Nxe4
15. Bxe4 Qf7 16. Re3 d5 17. Nxf5 gxf5 18. Bg2 Rae8 19. Rfe1 Qf6 20. cxd5 Nxd5
21. Re6 Qg5 22. Qe2 Bf6 23. Bc1 Qg7 24. Qh5 Bg5 25. Rg6 Nf6 26. Rxg7+ Kxg7 27.
Qe2 1-0

[Event "Open Brno 2017"]
[Site "Brno"]
[Date "2017.11.11"]
[Round "1"]
[White "Konyves, Almos"]
[Black "Dopita, Bohumil"]
[Result "1-0"]
[WhiteElo "1691"]
[BlackElo "2136"]
[PlyCount "57"]
[EventDate "2017.11.11"]

1. e4 {[%emt 0:00:00]} e5 2. Nf3 Nc6 3. Bb5 a6 4. Bc4 Nf6 5. O-O Nxe4 6. d4 b5
7. Bb3 d5 8. dxe5 Be6 9. Bf4 Be7 10. c3 O-O 11. Nd4 Nxd4 12. cxd4 f6 13. Nd2
fxe5 14. Bxe5 Nxd2 15. Qxd2 Bd6 16. f4 Bxe5 17. fxe5 Qe7 18. Qe3 Rxf1+ 19. Rxf1
Rf8 20. Rxf8+ Qxf8 21. Qf3 Qb4 22. Qc3 Qxc3 23. bxc3 Kf7 24. Kf2 c6 25. Ke3 Bf5
26. Kf4 Be4 27. g3 Bg2 28. Bc2 h6 29. Bf5 1-0

[Event "Open Brno 2017"]
[Site "Brno"]
[Date "2017.11.11"]
[Round "1"]
[White "Siegemund, Joachim"]
[Black "Igen, Amir"]
[Result "1-0"]
[WhiteElo "2127"]
[BlackElo "1684"]
[PlyCount "51"]
[EventDate "2017.11.11"]

1. e4 {[%emt 0:00:00]} e6 2. d3 d5 3. Nd2 Nf6 4. Ngf3 Be7 5. g3 O-O 6. Bg2 c5
7. O-O Nc6 8. e5 Nd7 9. Re1 Qc7 10. Qe2 b6 11. Nf1 Bb7 12. h4 Rac8 13. c3 Rfd8
14. N1h2 Nf8 15. h5 d4 16. c4 a6 17. Ng4 b5 18. b3 Nd7 19. Bf4 bxc4 20. bxc4
Rb8 21. h6 g6 22. Bg5 Bxg5 23. Nxg5 Na7 24. Bxb7 Rxb7 25. Qf3 Nf8 26. Qf6 1-0

[Event "Open Brno 2017"]
[Site "Brno"]
[Date "2017.11.11"]
[Round "1"]
[White "Pater, Peter"]
[Black "Potseluev, Sergey"]
[Result "0-1"]
[WhiteElo "1659"]
[BlackElo "2103"]
[PlyCount "54"]
[EventDate "2017.11.11"]

1. d4 Nf6 2. c4 g6 3. f3 c5 4. d5 b5 5. e4 d6 6. Bg5 Bg7 7. Qd2 O-O 8. cxb5 a6
9. Nc3 Qa5 10. bxa6 Bxa6 11. Bxa6 Qxa6 12. Nge2 Nbd7 13. O-O Rfb8 14. b3 Rb4
15. Rfb1 Ne5 16. a3 Rb7 17. b4 cxb4 18. axb4 Qxa1 19. Rxa1 Rxa1+ 20. Nc1 Rxb4
21. N3a2 Rbb1 22. h3 h6 23. Bf4 Nh5 24. Kh2 Nc4 25. Qd3 Nxf4 26. Qxc4 Rb2 27.
Kg3 Be5 0-1

[Event "Open Brno 2017"]
[Site "Brno"]
[Date "2017.11.11"]
[Round "1"]
[White "Tesar, Jan"]
[Black "Thierry, Rein"]
[Result "1-0"]
[WhiteElo "2090"]
[BlackElo "1656"]
[PlyCount "77"]
[EventDate "2017.11.11"]

1. d4 {[%emt 0:00:00]} d5 2. c4 c6 3. Nf3 Nf6 4. Nc3 e6 5. Bg5 a6 6. e3 h6 7.
Bh4 Nbd7 8. Qc2 Bd6 9. Be2 Qc7 10. O-O dxc4 11. e4 e5 12. dxe5 Nxe5 13. Nd2 Ng6
14. Bg3 Bxg3 15. hxg3 b5 16. a4 Bb7 17. f4 Rd8 18. Bf3 Qd7 19. Rad1 Qd3 20.
Qxd3 cxd3 21. e5 Nd5 22. Nxd5 cxd5 23. axb5 axb5 24. Nb3 b4 25. Nc5 Bc6 26.
Nxd3 Bb5 27. Rfe1 Ba4 28. Ra1 Bb3 29. f5 Ne7 30. f6 Nf5 31. g4 Nd4 32. Nc5 Bc4
33. fxg7 Rg8 34. Ra7 Nc6 35. Rc7 Ne7 36. Nb7 Nc8 37. Nd6+ Rxd6 38. exd6+ Kd8
39. Rxf7 1-0

[Event "Open Brno 2017"]
[Site "Brno"]
[Date "2017.11.11"]
[Round "1"]
[White "Kubicek, Pavel"]
[Black "Tajovsky, Matej"]
[Result "0-1"]
[WhiteElo "2026"]
[BlackElo "1615"]
[PlyCount "104"]
[EventDate "2017.11.11"]

1. e4 c5 2. c3 d5 3. exd5 Qxd5 4. d4 Nc6 5. Be3 cxd4 6. cxd4 Nf6 7. Nc3 Qd6 8.
Nf3 Bg4 9. Be2 e6 10. O-O Be7 11. Rc1 O-O 12. Qd2 Rfd8 13. a3 Bxf3 14. Bxf3
Nxd4 15. Bxd4 Qxd4 16. Qe2 Qb6 17. b4 a5 18. Na4 Qa7 19. b5 Qd4 20. Rc4 Qd3 21.
Qxd3 Rxd3 22. Bxb7 Rb8 23. Bc6 Nd5 24. Nc5 Rxa3 25. Nd7 Rd8 26. g3 Rd3 27. Ne5
Rd2 28. Bxd5 R8xd5 29. Nc6 Bf6 30. Rb1 Rd1+ 31. Rxd1 Rxd1+ 32. Kg2 Rb1 33. Nxa5
g6 34. Rc8+ Kg7 35. Rb8 Bd4 36. Nc6 Bc5 37. Nd8 Rb2 38. Rb7 Rxf2+ 39. Kh3 Kf8
40. Nc6 h5 41. Ne5 Bd6 42. Nc4 Be7 43. Rb8+ Kg7 44. b6 g5 45. g4 hxg4+ 46. Kxg4
Rf4+ 47. Kh3 Rxc4 48. b7 Rh4+ 49. Kg2 Rxh2+ 50. Kf3 Rb2 51. Ke4 Bd6 52. Rd8 Bc7
0-1

[Event "Open Brno 2017"]
[Site "Brno"]
[Date "2017.11.11"]
[Round "1"]
[White "Buri, Kata"]
[Black "Kastner, Oldrich"]
[Result "0-1"]
[WhiteElo "1614"]
[BlackElo "2025"]
[PlyCount "82"]
[EventDate "2017.11.11"]

1. e4 Nf6 2. e5 Nd5 3. c4 Nb6 4. d4 d6 5. exd6 exd6 6. Nf3 Bg4 7. Be3 Be7 8.
Nbd2 O-O 9. Bd3 Bh5 10. Qc2 Bg6 11. h4 Bxd3 12. Qxd3 N8d7 13. Ng5 Nf6 14. Ndf3
Re8 15. Ne4 Nxe4 16. Qxe4 d5 17. Qf5 Qc8 18. Qxc8 Raxc8 19. c5 Nc4 20. b3 Na3
21. Rc1 c6 22. h5 Bf6 23. g4 Nb5 24. Kf1 Re4 25. Ne5 Bxe5 26. dxe5 Re8 27. a4
Nc7 28. g5 R8xe5 29. Bd2 Ne6 30. f3 Re2 31. Be1 R2e3 32. Bg3 Rf5 33. Bd6 Rexf3+
34. Ke2 Nd4+ 35. Ke1 Rxg5 36. Rd1 Ne6 37. b4 Rg2 38. Rd2 Rxd2 39. Kxd2 Rb3 40.
Rh4 d4 41. h6 g5 0-1

[Event "Open Brno 2017"]
[Site "Brno"]
[Date "2017.11.11"]
[Round "1"]
[White "Basson, Heinrich"]
[Black "Rychtecky, Pavel"]
[Result "1-0"]
[WhiteElo "1939"]
[BlackElo "1567"]
[PlyCount "53"]
[EventDate "2017.11.11"]

1. d4 {[%emt 0:00:00]} Nf6 2. c4 e6 3. Nf3 d5 4. Nc3 b6 5. g3 Be7 6. cxd5 exd5
7. Bg2 O-O 8. O-O Bb7 9. Bf4 Nh5 10. Be3 Nd7 11. Ne5 Nhf6 12. Bf4 a6 13. Rc1
Rc8 14. Bh3 b5 15. Qb3 c6 16. Rfe1 c5 17. Nxd7 Nxd7 18. Nxd5 cxd4 19. Rxc8 Bxc8
20. Rc1 Nb6 21. Nxe7+ Qxe7 22. Bxc8 Rxc8 23. Rxc8+ Nxc8 24. Qd5 h6 25. Qxd4 f6
26. Qd5+ Kh7 27. Qf5+ 1-0

[Event "Open Brno 2017"]
[Site "Brno"]
[Date "2017.11.11"]
[Round "1"]
[White "Pavlicek, Petr"]
[Black "Glacner, Karel"]
[Result "1-0"]
[WhiteElo "1911"]
[BlackElo "1559"]
[PlyCount "49"]
[EventDate "2017.11.11"]

1. c4 c5 2. Nc3 Nc6 3. g3 b6 4. Bg2 Bb7 5. e3 Nf6 6. Nge2 e6 7. O-O a6 8. d4
Qc7 9. b3 g5 10. Bb2 h5 11. d5 Ne5 12. f4 gxf4 13. exf4 Neg4 14. Qd3 Be7 15. h3
Nh6 16. Ne4 O-O-O 17. d6 Qc6 18. dxe7 Nxe4 19. exd8=Q+ Rxd8 20. Rad1 f5 21. Nc3
Rg8 22. Rfe1 Nf7 23. Nxe4 d5 24. Nf6 Rg6 25. cxd5 1-0

[Event "Open Brno 2017"]
[Site "Brno"]
[Date "2017.11.11"]
[Round "1"]
[White "Sojka, Oldrich"]
[Black "Zuziak, Petr"]
[Result "0-1"]
[WhiteElo "1529"]
[BlackElo "1906"]
[PlyCount "64"]
[EventDate "2017.11.11"]

1. e4 e5 2. Nf3 Nc6 3. a3 Nf6 4. Nc3 d5 5. exd5 Nxd5 6. Nxd5 Qxd5 7. d3 Bg4 8.
Be3 O-O-O 9. Be2 f5 10. h3 Bh5 11. Nh4 Bxe2 12. Qxe2 f4 13. Qg4+ Kb8 14. Bd2
Nd4 15. Qd1 e4 16. Bc3 g5 17. Bxd4 Qxd4 18. Nf5 Qe5 19. g4 exd3+ 20. Kf1 Bc5
21. c3 Rhe8 22. b4 Bb6 23. Qd2 Qe2+ 24. Qxe2 Rxe2 25. Nd4 Bxd4 26. cxd4 f3 27.
Kg1 Rf8 28. Rf1 d2 29. Kh2 Rfe8 30. Rd1 Rxf2+ 31. Kg3 Rfe2 32. Kxf3 R8e3# 0-1

[Event "Open Brno 2017"]
[Site "Brno"]
[Date "2017.11.11"]
[Round "1"]
[White "Spodny, Josef"]
[Black "Dvorakova, Olga"]
[Result "1/2-1/2"]
[WhiteElo "1885"]
[BlackElo "1519"]
[PlyCount "57"]
[EventDate "2017.11.11"]

1. e4 {[%emt 0:00:00]} c6 2. d4 d5 3. e5 Bf5 4. c3 e6 5. Be3 Nd7 6. Qb3 Qb6 7.
Nd2 Ne7 8. f4 Nc8 9. Ngf3 c5 10. dxc5 Bxc5 11. Bxc5 Nxc5 12. Qb5+ Qxb5 13.
Bxb5+ Ke7 14. Be2 Nb6 15. Nd4 Nd3+ 16. Bxd3 Bxd3 17. a4 a6 18. Kf2 Rhc8 19. Ke3
Bg6 20. g4 Nc4+ 21. Nxc4 dxc4 22. Rhg1 f6 23. exf6+ gxf6 24. f5 e5 25. fxg6
exd4+ 26. Kxd4 hxg6 27. Rae1+ Kf7 28. Re2 Rc6 29. Rge1 1/2-1/2

[Event "Open Brno 2017"]
[Site "Brno"]
[Date "2017.11.11"]
[Round "1"]
[White "Dudek, Vojtech"]
[Black "Schoeppe, Christian"]
[Result "1-0"]
[WhiteElo "1867"]
[BlackElo "1486"]
[PlyCount "35"]
[EventDate "2017.11.11"]

1. e4 {[%emt 0:00:00]} e5 2. Nc3 c6 3. d4 Bd6 4. Nf3 Qe7 5. dxe5 Bxe5 6. Nxe5
Qxe5 7. Be3 Qe7 8. Qd4 f6 9. O-O-O b5 10. Bf4 Na6 11. Bxb5 Bb7 12. Bd6 Qd8 13.
Bc4 Ne7 14. e5 Nf5 15. Qg4 Nxd6 16. Qxg7 Nxc4 17. exf6 Ne5 18. f7+ 1-0

[Event "Open Brno 2017"]
[Site "Brno"]
[Date "2017.11.11"]
[Round "1"]
[White "Tajovsky, Simon"]
[Black "Prammer, Franz"]
[Result "0-1"]
[WhiteElo "1394"]
[BlackElo "1816"]
[PlyCount "32"]
[EventDate "2017.11.11"]

1. d4 d6 2. c4 e5 3. Nf3 Bd7 4. Nc3 f5 5. Bg5 Nf6 6. Nd5 e4 7. Nh4 c6 8. Ne3 g6
9. Qc2 d5 10. cxd5 Qa5+ 11. Qc3 Bb4 12. Qxb4 Qxb4+ 13. Kd1 Qxd4+ 14. Kc2 Qc5+
15. Kd2 cxd5 16. Rc1 Qa5+ 0-1

[Event "Open Brno 2017"]
[Site "Brno"]
[Date "2017.11.11"]
[Round "1"]
[White "Pesl, Jan"]
[Black "Pawicki, Filip"]
[Result "1-0"]
[WhiteElo "1795"]
[BlackElo "1217"]
[PlyCount "69"]
[EventDate "2017.11.11"]

1. e4 e5 2. Nf3 Nc6 3. Bb5 a6 4. Ba4 b5 5. Bb3 Nf6 6. Ng5 d5 7. exd5 Nxd5 8.
Qf3 Be6 9. Nxe6 fxe6 10. Nc3 Nce7 11. O-O g6 12. d3 Bg7 13. Bg5 c6 14. Ne4 h6
15. Nf6+ Nxf6 16. Bxf6 O-O 17. Bxe7 Qxe7 18. Qxc6 Ra7 19. Qxe6+ Qxe6 20. Bxe6+
Kh7 21. a4 b4 22. a5 Rf6 23. Bc4 Rc7 24. Rfe1 Rc5 25. Ra4 h5 26. Kf1 Kh6 27.
Rea1 Kg5 28. Rxb4 Kf5 29. Rb6 e4 30. dxe4+ Kxe4 31. Bd3+ Kf4 32. Bxg6 Kg5 33.
Bd3 Re5 34. Ra4 Rf7 35. h4# 1-0

[Event "Open Brno 2017"]
[Site "Brno"]
[Date "2017.11.11"]
[Round "1"]
[White "Mizicka, Matus"]
[Black "Razbekov, Alisher"]
[Result "1-0"]
[WhiteElo "1772"]
[BlackElo "1165"]
[PlyCount "59"]
[EventDate "2017.11.11"]

1. c4 c5 2. Nc3 Nc6 3. g3 d6 4. Bg2 Nf6 5. Nf3 Bf5 6. O-O e6 7. a3 Be7 8. d4 d5
9. cxd5 exd5 10. dxc5 Bxc5 11. Nh4 Be6 12. Bg5 h6 13. Bxf6 Qxf6 14. Nxd5 Bxd5
15. Qxd5 Qxb2 16. Qxc5 Nd4 17. Qe5+ Kf8 18. Qd6+ Kg8 19. Rab1 Nxe2+ 20. Kh1 Qa2
21. Rxb7 Re8 22. Rxf7 Qc4 23. Rxg7+ Kxg7 24. Nf5+ Kf7 25. Bd5+ Qxd5+ 26. Qxd5+
Re6 27. Qd7+ Kf6 28. Nd4 Nxd4 29. Qxd4+ Re5 30. f4 1-0

[Event "Open Brno 2017"]
[Site "Brno"]
[Date "2017.11.12"]
[Round "2"]
[White "Qashashvili, Alexandre"]
[Black "Basson, Heinrich"]
[Result "1-0"]
[WhiteElo "2514"]
[BlackElo "1939"]
[PlyCount "33"]
[EventDate "2017.11.11"]

1. e4 {[%emt 0:00:00]} d5 2. exd5 Qxd5 3. Nc3 Qd8 4. d4 Nf6 5. Nf3 Bf5 6. Ne5
e6 7. g4 Be4 8. Nxe4 Nxe4 9. Qf3 Nd6 10. Bd2 c6 11. Kd1 Qf6 12. Qg2 Qe7 13. Bd3
Nd7 14. f4 O-O-O 15. Ba5 Re8 16. Nxc6 Qf6 17. Rf1 1-0

[Event "Open Brno 2017"]
[Site "Brno"]
[Date "2017.11.12"]
[Round "2"]
[White "Zuziak, Petr"]
[Black "Molnar, Bela"]
[Result "0-1"]
[WhiteElo "1906"]
[BlackElo "2289"]
[PlyCount "62"]
[EventDate "2017.11.11"]

1. d4 {[%emt 0:00:00]} Nf6 2. Nf3 e6 3. e3 b6 4. Bd3 Bb7 5. Nbd2 c5 6. O-O Be7
7. b3 O-O 8. c4 d6 9. Bb2 Nbd7 10. Qc2 g6 11. e4 cxd4 12. Bxd4 e5 13. Be3 Ng4
14. Rfe1 Nxe3 15. Rxe3 Nf6 16. Rd1 Nh5 17. Nb1 Nf4 18. Nc3 Rc8 19. Bf1 Qc7 20.
g3 Ne6 21. Bh3 a6 22. Nd5 Qd8 23. Qd2 Re8 24. Nxe7+ Qxe7 25. Qxd6 Rcd8 26. Qxb6
Rxd1+ 27. Kg2 Nc5 28. b4 Nxe4 29. c5 Bd5 30. Qxa6 Ng5 31. Qe2 Rd4 0-1

[Event "Open Brno 2017"]
[Site "Brno"]
[Date "2017.11.12"]
[Round "2"]
[White "Mikes, Jan"]
[Black "Pavlicek, Petr"]
[Result "1-0"]
[WhiteElo "2272"]
[BlackElo "1911"]
[PlyCount "59"]
[EventDate "2017.11.11"]

1. e4 {[%emt 0:00:00]} e6 2. d4 d5 3. Nc3 dxe4 4. Nxe4 Bd7 5. Nf3 Bc6 6. Bd3
Nd7 7. O-O Ngf6 8. Ng3 Be7 9. c3 O-O 10. Re1 Bxf3 11. Qxf3 c6 12. Bd2 Re8 13.
Rad1 Nf8 14. Ne4 Nxe4 15. Rxe4 Bf6 16. Rde1 Ng6 17. g3 Qd7 18. h4 Rad8 19. h5
Nf8 20. g4 Qe7 21. Qg2 g5 22. f4 h6 23. fxg5 Bxg5 24. Bxg5 Qxg5 25. Re5 Qg7 26.
g5 Nd7 27. R5e3 Kh8 28. g6 Rg8 29. Rf1 Nf6 30. Ref3 1-0

[Event "Open Brno 2017"]
[Site "Brno"]
[Date "2017.11.12"]
[Round "2"]
[White "Sernecki, Franciszek"]
[Black "Kallstrom, Michael"]
[Result "1-0"]
[WhiteElo "2139"]
[BlackElo "1847"]
[PlyCount "61"]
[EventDate "2017.11.11"]

1. d4 e6 2. Nf3 Nf6 3. e3 d5 4. c4 Bb4+ 5. Bd2 Bxd2+ 6. Nbxd2 O-O 7. Bd3 Nbd7
8. O-O c6 9. e4 dxe4 10. Nxe4 Nxe4 11. Bxe4 Nf6 12. Bc2 b6 13. Qd3 Bb7 14. Ne5
g6 15. Qf3 Kg7 16. Qc3 Rc8 17. Rad1 Kg8 18. b4 Qc7 19. Rfe1 c5 20. dxc5 bxc5
21. b5 Qe7 22. Qa5 Ba8 23. Rd2 Rfd8 24. Red1 Rxd2 25. Qxd2 Ne4 26. Qd7 Qxd7 27.
Rxd7 f6 28. Nc6 Bxc6 29. bxc6 f5 30. Bxe4 fxe4 31. c7 1-0

[Event "Open Brno 2017"]
[Site "Brno"]
[Date "2017.11.12"]
[Round "2"]
[White "Richterova, Julie"]
[Black "Siegemund, Joachim"]
[Result "1-0"]
[WhiteElo "1808"]
[BlackElo "2127"]
[PlyCount "21"]
[EventDate "2017.11.11"]

1. d4 {[%emt 0:00:00]} d5 2. c4 c6 3. Nc3 Nf6 4. cxd5 cxd5 5. Bf4 Nc6 6. e3 Bf5
7. Nf3 e6 8. Qb3 Bb4 9. Bb5 Qb6 10. Qxb4 O-O-O 11. Qa4 1-0

[Event "Open Brno 2017"]
[Site "Brno"]
[Date "2017.11.12"]
[Round "2"]
[White "Potseluev, Sergey"]
[Black "Pesl, Jan"]
[Result "1-0"]
[WhiteElo "2103"]
[BlackElo "1795"]
[PlyCount "85"]
[EventDate "2017.11.11"]

1. Nf3 {[%emt 0:00:00]} Nf6 2. c4 g6 3. Nc3 Bg7 4. e4 d6 5. d4 O-O 6. Be2 Na6
7. O-O e5 8. Re1 Bg4 9. Be3 Nd7 10. h3 Bxf3 11. Bxf3 exd4 12. Bxd4 Bxd4 13.
Qxd4 Nb4 14. Qd2 Nc6 15. Rad1 Nde5 16. Be2 f5 17. f4 Nf7 18. exf5 gxf5 19. Nd5
Rc8 20. Qc3 Nh8 21. b4 Qh4 22. g3 Qxh3 23. Bf1 Qg4 24. b5 Ng6 25. bxc6 bxc6 26.
Ne7+ Nxe7 27. Rxe7 Rf7 28. Rde1 Rcf8 29. Rxf7 Rxf7 30. Re8+ Rf8 31. Rxf8+ Kxf8
32. Qh8+ Kf7 33. Qxh7+ Ke6 34. Kf2 Qd1 35. Qg6+ Ke7 36. Qxf5 Qd2+ 37. Kf3 Qxa2
38. Qh7+ Ke8 39. Qh8+ Ke7 40. Qg7+ Ke8 41. Bd3 Qb3 42. Ke2 Qa2+ 43. Kf1 1-0

[Event "Open Brno 2017"]
[Site "Brno"]
[Date "2017.11.12"]
[Round "2"]
[White "Kastner, Oldrich"]
[Black "Zentko, Ladislav"]
[Result "1-0"]
[WhiteElo "2025"]
[BlackElo "1764"]
[PlyCount "73"]
[EventDate "2017.11.11"]

1. d4 Nf6 2. c4 e6 3. g3 d5 4. Bg2 c6 5. Nf3 Nbd7 6. b3 b6 7. O-O Be7 8. Bb2
O-O 9. Nc3 Bb7 10. Nd2 c5 11. cxd5 exd5 12. Nc4 Rb8 13. Ne5 Nxe5 14. dxe5 Ne4
15. Nxe4 dxe4 16. Qc2 e3 17. f4 Bxg2 18. Kxg2 Qd5+ 19. Kg1 f6 20. Rad1 Qe6 21.
f5 Qc6 22. e6 Rbd8 23. Bc1 Rxd1 24. Rxd1 Rd8 25. Rxd8+ Bxd8 26. Bxe3 Qd5 27.
Qd3 Qxd3 28. exd3 Kf8 29. Bf4 Ke7 30. g4 b5 31. Kf2 a5 32. Ke3 a4 33. bxa4 bxa4
34. Ke4 Ba5 35. Kd5 Bb4 36. Bd6+ Ke8 37. Bxc5 1-0

[Event "Open Brno 2017"]
[Site "Brno"]
[Date "2017.11.12"]
[Round "2"]
[White "Matejovsky, Ondrej"]
[Black "Lukacs, Anna"]
[Result "1-0"]
[WhiteElo "2022"]
[BlackElo "1754"]
[PlyCount "59"]
[EventDate "2017.11.11"]

1. e4 e6 2. d4 d5 3. exd5 exd5 4. Bd3 Bd6 5. Nf3 Nc6 6. c3 Bg4 7. O-O Qd7 8.
Bg5 f6 9. Bh4 O-O-O 10. Nbd2 Nge7 11. Bg3 Bxg3 12. hxg3 Nf5 13. Qa4 Kb8 14. Bb5
Nfe7 15. Nb3 Bxf3 16. Nc5 Qg4 17. gxf3 Qxf3 18. Rfe1 Ka8 19. Nxb7 Kxb7 20. Qa6+
Kb8 21. Bxc6 Nxc6 22. Qb5+ Ka8 23. Qxc6+ Kb8 24. Re7 Rc8 25. a4 Rhd8 26. a5 Rd6
27. Qb5+ Ka8 28. a6 Rb6 29. Qd7 Kb8 30. Re8 1-0

[Event "Open Brno 2017"]
[Site "Brno"]
[Date "2017.11.12"]
[Round "2"]
[White "Tajovsky, Matej"]
[Black "Kuehn, Karsten"]
[Result "0-1"]
[WhiteElo "1615"]
[BlackElo "1979"]
[PlyCount "60"]
[EventDate "2017.11.11"]

1. e4 {[%emt 0:00:00]} d5 2. exd5 Nf6 3. d4 Nxd5 4. Nf3 e6 5. Be2 Be7 6. O-O b6
7. c4 Nf6 8. Nc3 Bb7 9. Be3 O-O 10. Qd2 Ne4 11. Nxe4 Bxe4 12. Bd3 Bxf3 13. gxf3
Nd7 14. Kh1 Bd6 15. Bg5 f6 16. Bh4 Qe8 17. Be4 Qh5 18. Bg3 Rad8 19. Rg1 f5 20.
Bxd6 cxd6 21. Rg5 Qh4 22. Bc6 Nf6 23. Rag1 Nh5 24. Qe2 Rf6 25. f4 Rh6 26. Qf3
Kh8 27. Kg2 Nxf4+ 28. Kf1 Qh3+ 29. Ke1 Qxf3 30. Bxf3 Nh3 0-1

[Event "Open Brno 2017"]
[Site "Brno"]
[Date "2017.11.12"]
[Round "2"]
[White "Belus, Benjamin"]
[Black "Konyves, Almos"]
[Result "1-0"]
[WhiteElo "1953"]
[BlackElo "1691"]
[PlyCount "35"]
[EventDate "2017.11.11"]

1. Nf3 d5 2. g3 Nf6 3. Bg2 c6 4. O-O Bf5 5. c4 e6 6. cxd5 exd5 7. Qb3 Qc7 8. d4
Bd6 9. Nc3 Nbd7 10. Bd2 O-O 11. Rac1 a6 12. Nh4 Be6 13. f4 Nb6 14. f5 Bd7 15.
Bg5 Nc4 16. e4 Na5 17. Qd1 Nxe4 18. Nxd5 1-0

[Event "Open Brno 2017"]
[Site "Brno"]
[Date "2017.11.12"]
[Round "2"]
[White "Dvorakova, Olga"]
[Black "Seddaoui, Yamine"]
[Result "0-1"]
[WhiteElo "1519"]
[BlackElo "2128"]
[PlyCount "118"]
[EventDate "2017.11.11"]

1. d4 {[%emt 0:00:00]} f5 2. Nc3 Nf6 3. Bg5 d5 4. e3 e6 5. Nf3 Bb4 6. Bd3 O-O
7. O-O Bd7 8. a3 Be7 9. Ne5 Be8 10. Be2 Nbd7 11. Na2 Nxe5 12. dxe5 Nd7 13. Bxe7
Qxe7 14. f4 Qc5 15. Qd2 Nb6 16. b3 Bb5 17. Nc3 Bxe2 18. Nxe2 Rad8 19. Rfd1 h6
20. h4 a6 21. a4 Qe7 22. g3 Nd7 23. Rac1 Kf7 24. Nc3 g5 25. hxg5 hxg5 26. Kf2
gxf4 27. exf4 Rh8 28. Rh1 Qb4 29. Nb1 Qe4 30. Qe1 Nc5 31. Nd2 Qb4 32. Qe2 Rdg8
33. Rcg1 Rxh1 34. Rxh1 Qxd2 35. Qxd2 Ne4+ 36. Ke1 Nxd2 37. Kxd2 Rxg3 38. Rh7+
Rg7 39. Rh6 Ke7 40. Rh8 Kd7 41. Ke3 c5 42. Rb8 d4+ 43. Kf3 Kc7 44. Re8 Rg6 45.
Re7+ Kc6 46. Re8 Kd7 47. Rb8 Kc7 48. Re8 Rh6 49. Kg3 b5 50. axb5 axb5 51. Re7+
Kc6 52. Re8 c4 53. Rd8 Kc5 54. Rd6 d3 55. b4+ Kxb4 56. cxd3 c3 57. Rc6 Kb3 58.
Kf3 c2 59. Rc5 b4 0-1

[Event "Open Brno 2017"]
[Site "Brno"]
[Date "2017.11.12"]
[Round "2"]
[White "Smietanska, Wiktoria"]
[Black "Spodny, Josef"]
[Result "1/2-1/2"]
[WhiteElo "1386"]
[BlackElo "1885"]
[PlyCount "88"]
[EventDate "2017.11.11"]

1. e4 e5 2. Nf3 Nc6 3. Bb5 a6 4. Ba4 d6 5. d4 b5 6. Bb3 Nxd4 7. Nxd4 exd4 8.
Bd5 Rb8 9. Qxd4 Be6 10. Bc6+ Bd7 11. Bxd7+ Qxd7 12. Nc3 Nf6 13. O-O Be7 14. Nd5
c5 15. Qd3 Nxd5 16. Qxd5 Qb7 17. Bf4 Qxd5 18. exd5 Kd7 19. Rfe1 Bf6 20. c3 b4
21. Bd2 bxc3 22. Bxc3 Bxc3 23. bxc3 Rhe8 24. Rxe8 Kxe8 25. c4 Rb2 26. g3 a5 27.
h4 a4 28. a3 Rb3 29. Kg2 h5 30. Re1+ Kf8 31. Re3 Rb2 32. Rc3 Ke7 33. Re3+ Kf6
34. Rf3+ Kg6 35. Rc3 Rb3 36. Re3 Rxe3 37. fxe3 Kf5 38. Kf3 f6 39. e4+ Ke5 40.
Ke3 g6 41. Kd3 g5 42. Ke3 g4 43. Kd3 f5 44. exf5 Kxf5 1/2-1/2

[Event "Open Brno 2017"]
[Site "Brno"]
[Date "2017.11.12"]
[Round "2"]
[White "Vincze, Kata"]
[Black "Kubicek, Pavel"]
[Result "0-1"]
[WhiteElo "1600"]
[BlackElo "2026"]
[PlyCount "44"]
[EventDate "2017.11.11"]

1. e4 {[%emt 0:00:00]} e6 2. d4 d5 3. Nc3 Bb4 4. Qg4 g6 5. Nge2 e5 6. Qg3 Nc6
7. Be3 Nf6 8. a3 Nxe4 9. Qf3 Bxc3+ 10. bxc3 O-O 11. g4 f5 12. gxf5 Rxf5 13. Qg2
Ng5 14. h4 Nf3+ 15. Kd1 exd4 16. cxd4 Qf6 17. c3 Bd7 18. h5 g5 19. Ng3 Rf4 20.
Bxf4 Qxf4 21. Ra2 Ncxd4 22. Bd3 Ba4+ 0-1